Az aktív turizmus és a természetjárás helyzete Magyarországon
| Szerző: | |
|---|---|
| További közreműködők: | |
| Dokumentumtípus: | Diplomadolgozat |
| Kulcsszavak: | Aktív turizmus Természetjárás |
| Online Access: | http://dolgozattar.uni-bge.hu/13007 |
MARC
| LEADER | 00000nta a2200000 i 4500 | ||
|---|---|---|---|
| 001 | dolg13007 | ||
| 005 | 20180210121948.0 | ||
| 008 | 171129suuuu hu om 000 hun d | ||
| 040 | |a BGE Dolgozattár Repozitórium |b hun | ||
| 041 | |a hu | ||
| 100 | 1 | |a Németh Tamás | |
| 245 | 1 | 3 | |a Az aktív turizmus és a természetjárás helyzete Magyarországon |c Németh Tamás |h [elektronikus dokumentum] |
| 695 | |a Aktív turizmus | ||
| 695 | |a Természetjárás | ||
| 700 | 1 | |a Remenyik Dr. Bulcsú |e ths | |
| 856 | 4 | 0 | |u http://dolgozattar.uni-bge.hu/13007/1/N%C3%A9meth-Tam%C3%A1s-Szakdolgozat.pdf |z Dokumentum-elérés |